Statistiken für Liedtext - Die Eine (2005) - Die Firma

Klicken Sie hier um das Quiz zu spielen!

Allgemein

  • Dieses Quiz wurde 313 mal gespielt
  • Das Durchschnittsergebnis liegt bei 474 aus 754

Antwortstatistiken

Textquiz% Korrekt
Die
99%
die
99%
'n
99%
ein
98%
'ne
98%
eine
97%
ich
95%
Ich
95%
kein
94%
keine
94%
Frau
93%
oder
92%
in
91%
In
91%
den
90%
liebe
90%
Liebe
90%
an
89%
'n
89%
für
88%
Für
88%
andre
87%
Bau
87%
der
87%
es
86%
Es
86%
lieber
86%
ist
83%
mit
79%
mich
77%
schlafen
75%
wie
74%
Wie
74%
du
73%
Du
73%
und
73%
Und
73%
gibt
72%
leg'
72%
Sie
72%
sie
72%
nicht
69%
keiner
68%
andern
67%
diese
66%
im
66%
Das
65%
das
65%
Weg
65%
mehr
64%
über
64%
trau'
63%
wer
63%
Wir
63%
wir
63%
andre
62%
ging
62%
hab
62%
hab'
62%
immer
62%
noch
62%
war
61%
deine
60%
dich
60%
Doch
60%
doch
60%
mir
60%
zu
60%
auf
58%
so
58%
Bis
57%
Augen
56%
mein
56%
2005
55%
Aber
55%
aber
55%
schon
55%
bist
54%
Dann
54%
dann
54%
Frauen
53%
LA
53%
uns
53%
weiß
53%
Welt
53%
hat
52%
Leben
52%
leben
52%
seh'
52%
was
52%
Was
52%
erste
51%
hält
51%
halt
51%
halt'
51%
Vertrauen
51%
gesagt
50%
9
49%
Blick
49%
Mal
49%
mal
49%
ohne
49%
tausend
49%
Um
49%
um
49%
ersten
48%
jap
48%
Stadt
48%
vergeben
48%
dass
47%
Dass
47%
gefragt
47%
gibst
47%
hier
47%
konnt'
47%
Konnt'
47%
neu
47%
Als
46%
denn
46%
meine
46%
deiner
45%
dir
45%
geseh'n
45%
ihr
45%
leider
45%
wurd'
45%
hast
44%
'96
43%
Hand
43%
man
43%
waren
43%
war'n
43%
wenn
43%
Wenn
43%
Beine
42%
alle
41%
sind
41%
unsre
41%
Unsre
41%
Baby
40%
haben
40%
hab'n
40%
hart
40%
lieben
40%
liebst
40%
Yeah
40%
yeah
40%
genau
39%
auch
38%
Nacht
38%
dem
37%
andern
36%
Jahre
36%
Paradies
36%
weißt
36%
eh
35%
Hüften
35%
meiner
35%
vorstellen
35%
wurde
35%
alles
34%
bin
34%
danach
34%
für's
34%
Füßen
34%
ganzen
34%
geht
34%
küssten
34%
liebten
34%
Mike
34%
schwere
34%
sein
34%
werd'
34%
Wochen
34%
am
33%
ewig
33%
jede
33%
Mädchen
33%
Entscheidung
32%
hiermit
32%
nichts
32%
rap'
32%
genossen
31%
heiß
31%
kam
31%
'nem
31%
prophezeit
31%
Track
31%
Treffen
31%
treu
31%
weil
31%
Weil
31%
Wohnung
31%
deep
30%
dein'n
30%
dieser
30%
Märchen
30%
Star
30%
zog
30%
aus
29%
Chance
29%
Family
29%
denk'
28%
fest
28%
geschrieben
28%
jedes
28%
kennst
28%
neue
28%
Rest
28%
3
27%
checken's
27%
eigenen
27%
gefunden
27%
ihn
27%
Körper
27%
Krise
27%
Menschen
27%
später
27%
vier
27%
zusamm'n
27%
Art
26%
Beach
26%
brenzlig
26%
deeper
26%
durch
26%
fehl'n
26%
geblieben
26%
gerufen
26%
Girl
26%
knapp
26%
küssen
26%
Mars
26%
Miami
26%
Monate
26%
Nachbarn
26%
nachts
26%
Polizei
26%
Wänden
26%
wild
26%
beschreiben
25%
Beziehung
25%
Cash
25%
crazy
25%
Fans
25%
fluchen
25%
krass
25%
Ladies
25%
macht
25%
selbst
25%
vergeht
25%
Versen
25%
Ey
24%
ganzes
24%
großen
24%
Hört
24%
öfters
24%
schreien
24%
Venus
24%
Wörter
24%
Egal
23%
gehört
23%
getrauert
23%
langsam
23%
endlich
22%
Kid
22%
kostbar
22%
Kuba
22%
sucht
22%
Also
21%
Dunklen
21%
fliegen
21%
Hieroglyphen
21%
Lifeforce
21%
opfer'
21%
tappt
21%
verstehst
21%
Cleopatra
20%
denkst
20%
Planeten
20%
Start
20%
Clark
19%
gehör'n
19%
vielleicht
19%
Kent
18%
Kleine
18%
möcht'
18%
stark
18%
bloß
17%
Eure
17%
notfalls
17%
heart
16%
at
15%
schwör'n
15%
unsern
15%
Biggie
14%
Damit
14%
Toast
14%
Tour
14%
Bilde
13%
Lane
13%
Sailor
13%
Filme
12%
Hotels
12%
Lois
12%
gefeiert
11%
Stress
11%
Eazy
10%
gute
10%
Lula
9%
unterm
7%
Shower
5%
fängst
3%
troztdem
2%

Verteilung der Resultate

Perzentil nach korrekt beantworteten Fragen

Anzahl Personen mit jedem Resultat

Ihre Resultats-Entwicklung

Sie haben dieses Quiz noch nicht gespielt